000 00911cam a2200289 i 4500
001 113242
005 20230410103914.0
008 130919b2009 enka 000 0 eng
020 _a9780863566547
041 0 _aeng
049 _aGRAL
050 1 4 _a432 DS 98.6
_bD389 2009
245 0 0 _aDemystifying Syria /
_cedited by Fred Haley Lawson
260 _aLondon :
_bSAQI : in association with London Middle East Institute SOAS,
_c2009
300 _a223 p. :
_bil. ;
_c24 cm.
440 0 _aSOAS Middle East Issues.
504 _aIncluye índice
650 0 _aSyria
_xPolitics and government
_y2000-
650 0 _aSyria
_xEconomic policy.
650 0 _aSyria
_xForeign relations
_y1971-
650 4 _aSiria
_xPolítica y gobierno
_y2000-
650 4 _aSiria
_xLa política económica.
650 4 _aSiria
_xRelaciones exteriores
_y1971-
700 1 _aLawson, Fred Haley
942 _2lcc
_cbk
946 _aYSL
999 _c28172
_d28172